Statistics for Panama First Level Subdivisions

Click here to take the quiz!

General Stats

  • This quiz has been taken 293 times
    (136 since last reset)
  • The average score is 9 of 14

Answer Stats

Provincias% Correct
Panamá
97%
Colón
76%
Panamá West
76%
Darién
65%
Bocas del Toro
59%
Chiriquí
59%
Emberá-Wounaan
59%
Herrera
59%
Los Santos
59%
Ngäbe-Buglé
59%
Veraguas
57%
Guna Yala
54%
Coclé
51%
Naso Tjër Di
46%

Score Distribution

Percentile by Number Answered

Percent of People with Each Score

Your Score History

You have not taken this quiz since the last reset